Современные способы очистки воды. С прибавлением: Биология питьевых и сточных вод; Известия Томского Технологического Института [Известия ТТИ]; Т. 28, № 4
| Источник: | Известия Томского Технологического Института [Известия ТТИ]/ Томский технологический институт (ТТИ).— , 1903-1925 Т. 28, № 4.— 1912-1913 |
|---|---|
| Главный автор: | |
| Примечания: | Заглавие с титульного листа Электронная версия печатной публикации |
| Язык: | русский |
| Опубликовано: |
1912-1913
|
| Предметы: | |
| Online-ссылка: | Черно-белая версия для предварительного просмотра Цветная версия без потери качества Черно-белая версия для предварительного просмотра Цветная версия без потери качества |
| Формат: | MixedMaterials Электронный ресурс Статья |
| Запись в KOHA: | https://koha.lib.tpu.ru/cgi-bin/koha/opac-detail.pl?biblionumber=178728 |
MARC
| LEADER | 00000nla2a2200000 4500 | ||
|---|---|---|---|
| 001 | 178728 | ||
| 005 | 20231101223426.0 | ||
| 035 | |a (RuTPU)RU\TPU\book\193740 | ||
| 035 | |a RU\TPU\book\193722 | ||
| 090 | |a 178728 | ||
| 100 | |a 20100408d1912 k y0rusy50 ca | ||
| 101 | 0 | |a rus | |
| 102 | |a RU | ||
| 135 | |a drnn ---uucaa | ||
| 181 | 0 | |a i | |
| 182 | 0 | |a b | |
| 200 | 1 | |a Современные способы очистки воды. С прибавлением: Биология питьевых и сточных вод |b Электронный ресурс |f Н. А. Кашкаров | |
| 203 | |a Текст |c электронный | ||
| 215 | |a 4 файла (10.4 Мб, 209 Мб, 13.2 Мб, 217 Мб) | ||
| 230 | |a Электронные текстовые данные (4 файла : 10.4 Мб, 209 Мб, 13.2 Мб, 217 Мб) | ||
| 300 | |a Заглавие с титульного листа | ||
| 300 | |a Электронная версия печатной публикации | ||
| 337 | |a Adobe Reader | ||
| 461 | 1 | |0 (RuTPU)RU\TPU\book\165999 |t Известия Томского Технологического Института [Известия ТТИ] |f Томский технологический институт (ТТИ) |d 1903-1925 | |
| 463 | 1 | |0 (RuTPU)RU\TPU\book\193738 |t Т. 28, № 4 |d 1912-1913 |p 394 с. | |
| 610 | 1 | |a электронный ресурс | |
| 610 | 1 | |a труды учёных ТПУ | |
| 700 | 1 | |a Кашкаров |b Н. А. |c российский инженер путей сообщения |c профессор ТТИ (1911-1921) |f 1883-? |g Николай Алексеевич |2 stltpush |3 (RuTPU)RU\TPU\pers\21837 |9 9176 | |
| 801 | 1 | |a RU |b 63413507 |c 20090320 |g PSBO | |
| 801 | 2 | |a RU |b 63413507 |c 20100927 |g PSBO | |
| 856 | 4 | |u http://www.lib.tpu.ru/fulltext/v/Bulletin_TPU/1912/v28/a1_1_bw.pdf |z Черно-белая версия для предварительного просмотра | |
| 856 | 4 | |u http://www.lib.tpu.ru/fulltext/v/Bulletin_TPU/1912/v28/a1_1_full.pdf |z Цветная версия без потери качества | |
| 856 | 4 | |u http://www.lib.tpu.ru/fulltext/v/Bulletin_TPU/1912/v28/a1_2_bw.pdf |z Черно-белая версия для предварительного просмотра | |
| 856 | 4 | |u http://www.lib.tpu.ru/fulltext/v/Bulletin_TPU/1912/v28/a1_2_full.pdf |z Цветная версия без потери качества | |
| 942 | |c CF | ||